عرض عادي
عرض مارك
- Duben-Engelkirk, Janet L.
مدخل إسم شخص
001 - رقم الضبط
- حقل الضبط: 41082
003 - معرف رقم الضبط
- حقل الضبط: OSt
005 - تاريخ ووقت أخر عملية
- حقل الضبط: 20131214175829.0
008 - عناصر بيانات ثابتة الطول
- حقل تحكم ثابت الطول: 131214|||a|||||| | ||| d
040 ## - مصدر الفهرسة
- هيئة الفهرسة الأصلية: OSt
- وكالة الكتابة: OSt
100 ## - مدخل -- أسم شخص
- إسم شخص: Duben-Engelkirk, Janet L.
670 ## - بيانات المصدر موجوده
- الاستشهاد بالمصدر: Work cat.: (OSt)0: Engelkirk, Paul G. 5344, Burton's microbiology for the health sciences /, c2011.
